| 000 | 01660nam2a2200313 4500 | ||
|---|---|---|---|
| 001 | RU\NLR\bibl\1694406 | ||
| 005 | 20250616055514.0 | ||
| 010 |
_a978-5-98803-224-3 _91000 |
||
| 021 |
_aRU _b2010-73483 _94873 |
||
| 035 | _a(NLR Aleph) 001685509 | ||
| 090 |
_a1128103 _c1128103 |
||
| 100 | _a20101103d2010 |||y0rusy50 ca | ||
| 101 | 0 | _arus | |
| 102 | _aRU | ||
| 105 | _aa ||||||||| | ||
| 200 | 1 |
_aНефрология детского возраста _f[Абасеева Татьяна Юрьевна и др.] _gпод ред. проф. Ю.Г. Мухиной [и др.] |
|
| 210 |
_d2010 _aБ. м. |
||
| 215 |
_a736 с., [5] л. цв. ил. _cил. |
||
| 320 | _aБиблиогр.: с. 702-714 | ||
| 461 | 0 |
_1001RU\NLR\bibl\1704668 _12001#$aПрактическое руководство по детским болезням$vТ. 6 _91188997 _cМосква _d2010 _eИзд. 2-е, испр. и доп. _fпод общ. ред. В.Ф. Коколиной и А.Г. Румянцева _nМедпрактика-М _o[учебное пособие для системы постдипломного образования] _tПрактическое руководство по детским болезням _vТ. 6 |
|
| 606 | 1 |
_aНефрология детского возраста _jУчебные издания для последипломного образования _91700671 _3RU\NLR\auth\66756998 |
|
| 686 | _aР733.414я77 | ||
| 686 | _aР733.69я77 | ||
| 702 | 1 |
_aАбасеева _bТ. Ю. _gТатьяна Юрьевна _4220 |
|
| 801 | 0 |
_aRU _bNLR _c20101103 _gRCR |
|
| 801 | 1 |
_aRU _bNLR _c20101103 |
|
| 942 | _cBOOK | ||
| 980 | _aNB | ||